[Event "Managua Hurtado Memorial 22nd"]
[Site "Managua"]
[Date "2022.12.29"]
[Round "6"]
[White "Olivares, Odell"]
[Black "Vasquez Zavala, Jesus Adonay"]
[Result "1/2-1/2"]
[WhiteElo "1529"]
[BlackElo "1639"]
[PlyCount "128"]
[EventDate "2022.12.26"]
[EventType "swiss"]
[EventRounds "9"]
[EventCountry "NCA"]
[SourceTitle "CBM 212 Extra"]
[Source "ChessBase"]
[SourceDate "2023.03.31"]
[SourceVersion "1"]
[SourceVersionDate "2023.03.31"]
[SourceQuality "1"]

1. d4 Nf6 2. Bf4 g6 3. Nc3 Bg7 4. Qd2 c6 5. e4 d6 6. Bh6 Bxh6 7. Qxh6 e5 8. dxe5 dxe5 9. Nf3 Qe7 10. 0-0-0 Bg4 11. Be2 b5 12. Qg5 b4 13. Nxe5 bxc3 14. Nxg4 cxb2+ 15. Kb1 Nxe4 16. Qxe7+ Kxe7 17. Rhe1 Nc3+ 18. Kxb2 Nxd1+ 19. Bxd1+ Kd6 20. Nf6 Nd7 21. Ne4+ Kc7 22. Bf3 Rhe8 23. Rd1 Rab8+ 24. Kc1 f5 25. Ng5 Re7 26. Nh3 Ne5 27. Be2 Rb4 28. f4 Nd7 29. c3 Ra4 30. Rd2 Rae4 31. Bf3 Re1+ 32. Kc2 Ra1 33. Kb2 Ree1 34. Ng5 Rab1+ 35. Kc2 Rec1+ 36. Kd3 Nf6 37. Kc4 Re1 38. Nf7 Ne4 39. Rd3 Rb2 40. Ne5 Rxa2 41. Rd7+ Kb6 42. Rxh7 Nd2+ 43. Kd3 Nxf3 44. Nd7+ Kc7 45. Ne5+ Kd6 46. gxf3 Rxe5 47. fxe5+ Kxe5 48. Ke3 a5 49. f4+ Kf6 50. Rc7 a4 51. Rxc6+ Kg7 52. Rc4 a3 53. Ra4 Ra1 54. Kf2 a2 55. Kg2 Kh6 56. c4 Kh5 57. h3 Rc1 58. Rxa2 Rxc4 59. Rf2 Rc3 60. Rf3 Rxf3 61. Kxf3 Kh4 62. Kg2 Kh5 63. Kg3 g5 64. fxg5 Kxg5 1/2-1/2